Handbook of cliometrics, Human Capital (Record no. 478239)

000 -LEADER
fixed length control field 00337nam a22001457a 4500
003 - CONTROL NUMBER IDENTIFIER
control field NUST
005 - DATE AND TIME OF LATEST TRANSACTION
control field 20180425050554.0
008 - FIXED-LENGTH DATA ELEMENTS--GENERAL INFORMATION
fixed length control field 180425b ||||| |||| 00| 0 eng d
082 ## - DEWEY DECIMAL CLASSIFICATION NUMBER
Classification number 330.9 GOL
100 ## - MAIN ENTRY--PERSONAL NAME
Relator code Claudia Goldin
245 ## - TITLE STATEMENT
Title Handbook of cliometrics, Human Capital
260 ## - PUBLICATION, DISTRIBUTION, ETC.
Place of publication, distribution, etc. UK
Date of publication, distribution, etc. 2014
300 ## - PHYSICAL DESCRIPTION
Extent 40p
942 ## - ADDED ENTRY ELEMENTS (KOHA)
Source of classification or shelving scheme
Koha item type Case Studies
Holdings
Withdrawn status Lost status Source of classification or shelving scheme Damaged status Not for loan Collection code Permanent Location Current Location Shelving location Date acquired Total Checkouts Full call number Barcode Date last seen Price effective from Koha item type
            Central Library (CL) Central Library (CL) General Stacks 04/25/2018   330.9 GOL S3H-P-236 04/25/2018 04/25/2018 Case Studies
© 2023 Central Library, National University of Sciences and Technology. All Rights Reserved.